<?xml version="1.0" encoding="UTF-8"?>
<record
    xmlns:xsi="http://www.w3.org/2001/XMLSchema-instance"
    xsi:schemaLocation="http://www.loc.gov/MARC21/slim http://www.loc.gov/standards/marcxml/schema/MARC21slim.xsd"
    xmlns="http://www.loc.gov/MARC21/slim">

  <leader>02790nam0a2200385   4500</leader>
  <controlfield tag="001">RU\NLR\BIBL_A\012934382</controlfield>
  <controlfield tag="005">20230328165726.0</controlfield>
  <datafield tag="010" ind1=" " ind2=" ">
    <subfield code="a">978-5-907338-79-1</subfield>
    <subfield code="9">4000</subfield>
  </datafield>
  <datafield tag="021" ind1=" " ind2=" ">
    <subfield code="a">RU</subfield>
    <subfield code="b">&#x41A;&#x41D;-&#x41F;-22-065812</subfield>
    <subfield code="9">&#x41A;&#x41D;-&#x41F;-22-5709</subfield>
  </datafield>
  <datafield tag="035" ind1=" " ind2=" ">
    <subfield code="a">(NLR Aleph) 012934382</subfield>
  </datafield>
  <datafield tag="035" ind1=" " ind2=" ">
    <subfield code="a">(RuMoRGB)011237021</subfield>
  </datafield>
  <datafield tag="090" ind1=" " ind2=" ">
    <subfield code="a">12685099</subfield>
    <subfield code="c">12685099</subfield>
  </datafield>
  <datafield tag="100" ind1=" " ind2=" ">
    <subfield code="a">20221109d2022    u  y0rusy50      ca</subfield>
  </datafield>
  <datafield tag="101" ind1="0" ind2=" ">
    <subfield code="a">rus</subfield>
  </datafield>
  <datafield tag="102" ind1=" " ind2=" ">
    <subfield code="a">RU</subfield>
  </datafield>
  <datafield tag="105" ind1=" " ind2=" ">
    <subfield code="a">a   z   000ay</subfield>
  </datafield>
  <datafield tag="181" ind1=" " ind2="0">
    <subfield code="a">i </subfield>
    <subfield code="b">axxe  </subfield>
  </datafield>
  <datafield tag="182" ind1=" " ind2="0">
    <subfield code="a">n</subfield>
  </datafield>
  <datafield tag="200" ind1="1" ind2=" ">
    <subfield code="a">&#x412;&#x43A;&#x443;&#x441; &#x43C;&#x430;&#x43D;&#x433;&#x43E;</subfield>
    <subfield code="e">[&#x440;&#x43E;&#x43C;&#x430;&#x43D;]</subfield>
    <subfield code="f">&#x41C;&#x430;&#x440;&#x438;&#x430;&#x442;&#x443; &#x41A;&#x430;&#x43C;&#x430;&#x440;&#x430; &#x43F;&#x440;&#x438; &#x443;&#x447;&#x430;&#x441;&#x442;&#x438;&#x438; &#x421;&#x44C;&#x44E;&#x437;&#x435;&#x43D; &#x41C;&#x430;&#x43A;&#x43A;&#x43B;&#x435;&#x43B;&#x43B;&#x430;&#x43D;&#x434;</subfield>
    <subfield code="g">&#x43F;&#x435;&#x440;&#x435;&#x432;&#x435;&#x43B;&#x430; &#x441; &#x430;&#x43D;&#x433;&#x43B;&#x438;&#x439;&#x441;&#x43A;&#x43E;&#x433;&#x43E;: &#x418;&#x440;&#x438;&#x43D;&#x430; &#x411;&#x430;&#x434;&#x44C;&#x44F;&#x440;&#x43E;&#x432;&#x430;</subfield>
  </datafield>
  <datafield tag="203" ind1=" " ind2=" ">
    <subfield code="a">&#x422;&#x435;&#x43A;&#x441;&#x442;</subfield>
    <subfield code="b">&#x432;&#x438;&#x437;&#x443;&#x430;&#x43B;&#x44C;&#x43D;&#x44B;&#x439;</subfield>
    <subfield code="c">&#x43D;&#x435;&#x43F;&#x43E;&#x441;&#x440;&#x435;&#x434;&#x441;&#x442;&#x432;&#x435;&#x43D;&#x43D;&#x44B;&#x439;</subfield>
  </datafield>
  <datafield tag="210" ind1=" " ind2=" ">
    <subfield code="a">&#x421;&#x430;&#x43D;&#x43A;&#x442;-&#x41F;&#x435;&#x442;&#x435;&#x440;&#x431;&#x443;&#x440;&#x433;</subfield>
    <subfield code="c">&#x410;&#x440;&#x43A;&#x430;&#x434;&#x438;&#x44F;</subfield>
    <subfield code="d">2022</subfield>
  </datafield>
  <datafield tag="215" ind1=" " ind2=" ">
    <subfield code="a">285, [2] &#x441;.</subfield>
    <subfield code="c">&#x438;&#x43B;.</subfield>
    <subfield code="d">21</subfield>
  </datafield>
  <datafield tag="225" ind1="1" ind2=" ">
    <subfield code="a">&#x420;&#x43E;&#x437;&#x430; &#x432;&#x435;&#x442;&#x440;&#x43E;&#x432;</subfield>
    <subfield code="i">&#x418;&#x441;&#x43F;&#x43E;&#x432;&#x435;&#x434;&#x44C;</subfield>
  </datafield>
  <datafield tag="300" ind1=" " ind2=" ">
    <subfield code="a">&#x41D;&#x430; &#x43A;&#x43E;&#x440;&#x435;&#x448;&#x43A;&#x435; &#x430;&#x432;&#x442;.: &#x41C;&#x430;&#x440;&#x438;&#x430;&#x442;&#x443; &#x41A;&#x430;&#x43C;&#x430;&#x440;&#x430;, &#x421;&#x44C;&#x44E;&#x437;&#x435;&#x43D; &#x41C;&#x430;&#x43A;&#x43A;&#x43B;&#x435;&#x43B;&#x43B;&#x430;&#x43D;&#x434;</subfield>
  </datafield>
  <datafield tag="330" ind1=" " ind2=" ">
    <subfield code="a">&#x41C;&#x430;&#x440;&#x438;&#x430;&#x442;&#x443; &#x441;&#x447;&#x430;&#x441;&#x442;&#x43B;&#x438;&#x432;&#x43E; &#x436;&#x438;&#x43B;&#x430; &#x432; &#x43A;&#x440;&#x443;&#x433;&#x443; &#x441;&#x435;&#x43C;&#x44C;&#x438;, &#x434;&#x440;&#x443;&#x437;&#x435;&#x439; &#x438; &#x43F;&#x43E;&#x434;&#x440;&#x443;&#x436;&#x435;&#x43A; &#x432; &#x43C;&#x430;&#x43B;&#x435;&#x43D;&#x44C;&#x43A;&#x43E;&#x439; &#x434;&#x435;&#x440;&#x435;&#x432;&#x443;&#x448;&#x43A;&#x435; &#x432; &#x417;&#x430;&#x43F;&#x430;&#x434;&#x43D;&#x43E;&#x439; &#x410;&#x444;&#x440;&#x438;&#x43A;&#x435;. &#x41D;&#x43E; &#x43F;&#x43E;&#x442;&#x43E;&#x43C; &#x432; &#x421;&#x44C;&#x435;&#x440;&#x440;&#x430;-&#x41B;&#x435;&#x43E;&#x43D;&#x435; &#x43F;&#x440;&#x438;&#x448;&#x43B;&#x430; &#x433;&#x440;&#x430;&#x436;&#x434;&#x430;&#x43D;&#x441;&#x43A;&#x430;&#x44F; &#x432;&#x43E;&#x439;&#x43D;&#x430;. &#x412;&#x43E;&#x43E;&#x440;&#x443;&#x436;&#x435;&#x43D;&#x43D;&#x44B;&#x435; &#x434;&#x43E; &#x437;&#x443;&#x431;&#x43E;&#x432; &#x43E;&#x442;&#x440;&#x44F;&#x434;&#x44B; &#x43C;&#x44F;&#x442;&#x435;&#x436;&#x43D;&#x438;&#x43A;&#x43E;&#x432; &#x43D;&#x430;&#x43F;&#x430;&#x434;&#x430;&#x43B;&#x438; &#x43D;&#x430; &#x43C;&#x438;&#x440;&#x43D;&#x44B;&#x435; &#x43F;&#x43E;&#x441;&#x435;&#x43B;&#x435;&#x43D;&#x438;&#x44F;, &#x443;&#x441;&#x442;&#x440;&#x430;&#x438;&#x432;&#x430;&#x44F; &#x431;&#x435;&#x441;&#x441;&#x43C;&#x44B;&#x441;&#x43B;&#x435;&#x43D;&#x43D;&#x44B;&#x439; &#x442;&#x435;&#x440;&#x440;&#x43E;&#x440;. &#x412;&#x43E; &#x432;&#x440;&#x435;&#x43C;&#x44F; &#x43E;&#x434;&#x43D;&#x43E;&#x433;&#x43E; &#x438;&#x437; &#x442;&#x430;&#x43A;&#x438;&#x445; &#x43D;&#x430;&#x43B;&#x435;&#x442;&#x43E;&#x432; &#x434;&#x432;&#x435;&#x43D;&#x430;&#x434;&#x446;&#x430;&#x442;&#x438;&#x43B;&#x435;&#x442;&#x43D;&#x435;&#x439; &#x434;&#x435;&#x432;&#x43E;&#x447;&#x43A;&#x435; &#x43E;&#x442;&#x440;&#x443;&#x431;&#x438;&#x43B;&#x438; &#x43A;&#x438;&#x441;&#x442;&#x438; &#x43E;&#x431;&#x435;&#x438;&#x445; &#x440;&#x443;&#x43A;, - &#x438; &#x441;&#x434;&#x435;&#x43B;&#x430;&#x43B;&#x438; &#x44D;&#x442;&#x43E; &#x44E;&#x43D;&#x44B;&#x435; &#x431;&#x43E;&#x439;&#x446;&#x44B; &#x43D;&#x435; &#x441;&#x442;&#x430;&#x440;&#x448;&#x435; &#x435;&#x435; &#x441;&#x430;&#x43C;&#x43E;&#x439;, &#x43E;&#x434;&#x443;&#x440;&#x43C;&#x430;&#x43D;&#x435;&#x43D;&#x43D;&#x44B;&#x435; &#x432;&#x441;&#x435;&#x434;&#x43E;&#x437;&#x432;&#x43E;&#x43B;&#x435;&#x43D;&#x43D;&#x43E;&#x441;&#x442;&#x44C;&#x44E; &#x438; &#x43B;&#x436;&#x438;&#x432;&#x44B;&#x43C;&#x438; &#x43F;&#x43E;&#x441;&#x443;&#x43B;&#x430;&#x43C;&#x438; &#x43F;&#x440;&#x43E;&#x434;&#x430;&#x436;&#x43D;&#x44B;&#x445; &#x43B;&#x438;&#x434;&#x435;&#x440;&#x43E;&#x432;. &#x423;&#x431;&#x435;&#x433;&#x430;&#x44F; &#x43E;&#x442; &#x43F;&#x43E;&#x432;&#x441;&#x442;&#x430;&#x43D;&#x446;&#x435;&#x432; &#x447;&#x435;&#x440;&#x435;&#x437; &#x43B;&#x435;&#x441;, &#x432; &#x43F;&#x43E;&#x43B;&#x443;&#x431;&#x440;&#x435;&#x434;&#x443; &#x43E;&#x442; &#x431;&#x43E;&#x43B;&#x438;, &#x41C;&#x430;&#x440;&#x438;&#x430;&#x442;&#x443; &#x438;&#x441;&#x442;&#x435;&#x43A;&#x430;&#x43B;&#x430; &#x43A;&#x440;&#x43E;&#x432;&#x44C;&#x44E;. &#x41D;&#x43E; &#x441;&#x43B;&#x430;&#x434;&#x43A;&#x438;&#x439; &#x432;&#x43A;&#x443;&#x441; &#x43C;&#x430;&#x43D;&#x433;&#x43E; - &#x43F;&#x435;&#x440;&#x432;&#x43E;&#x439; &#x435;&#x434;&#x44B; &#x43F;&#x43E;&#x441;&#x43B;&#x435; &#x43D;&#x430;&#x43F;&#x430;&#x434;&#x435;&#x43D;&#x438;&#x44F;, &#x43A;&#x43E;&#x442;&#x43E;&#x440;&#x43E;&#x439; &#x443;&#x433;&#x43E;&#x441;&#x442;&#x438;&#x43B; &#x434;&#x435;&#x432;&#x43E;&#x447;&#x43A;&#x443; &#x441;&#x43B;&#x443;&#x447;&#x430;&#x439;&#x43D;&#x44B;&#x439; &#x432;&#x441;&#x442;&#x440;&#x435;&#x447;&#x43D;&#x44B;&#x439;, - &#x432;&#x43E;&#x437;&#x440;&#x43E;&#x434;&#x438;&#x43B; &#x432; &#x43D;&#x435;&#x439; &#x436;&#x435;&#x43B;&#x430;&#x43D;&#x438;&#x435; &#x432;&#x44B;&#x436;&#x438;&#x442;&#x44C;</subfield>
  </datafield>
  <datafield tag="333" ind1=" " ind2=" ">
    <subfield code="a">&#x414;&#x43B;&#x44F; &#x43B;&#x438;&#x446; &#x441;&#x442;&#x430;&#x440;&#x448;&#x435; 16 &#x43B;&#x435;&#x442;; 16+</subfield>
  </datafield>
  <datafield tag="606" ind1="1" ind2=" ">
    <subfield code="a">&#x413;&#x440;&#x430;&#x436;&#x434;&#x430;&#x43D;&#x441;&#x43A;&#x430;&#x44F; &#x432;&#x43E;&#x439;&#x43D;&#x430;</subfield>
    <subfield code="y">&#x421;&#x44C;&#x435;&#x440;&#x440;&#x430; &#x41B;&#x435;&#x43E;&#x43D;&#x435;</subfield>
    <subfield code="z">1990-&#x44B;&#x435; &#x433;&#x433;.</subfield>
    <subfield code="j">&#x412;&#x43E;&#x441;&#x43F;&#x43E;&#x43C;&#x438;&#x43D;&#x430;&#x43D;&#x438;&#x44F;, &#x437;&#x430;&#x43F;&#x438;&#x441;&#x43A;&#x438; &#x438; &#x442;.&#x43F;</subfield>
    <subfield code="2">nlr_sh1</subfield>
    <subfield code="2">nlr_sh2</subfield>
    <subfield code="3">RU\NLR\AUTH\661348757</subfield>
  </datafield>
  <datafield tag="675" ind1=" " ind2=" ">
    <subfield code="a">821.111(71)-31</subfield>
    <subfield code="v">4</subfield>
  </datafield>
  <datafield tag="686" ind1="2" ind2=" ">
    <subfield code="a">&#x428;6(6&#x421;&#x44C;&#x435;)07-4 [&#x41B;&#x445;2423]</subfield>
  </datafield>
  <datafield tag="700" ind1=" " ind2="1">
    <subfield code="a">&#x41A;&#x430;&#x43C;&#x430;&#x440;&#x430;</subfield>
    <subfield code="b">&#x41C;.</subfield>
    <subfield code="g">&#x41C;&#x430;&#x440;&#x438;&#x430;&#x442;&#x443;</subfield>
  </datafield>
  <datafield tag="942" ind1=" " ind2=" ">
    <subfield code="c">BOOK</subfield>
  </datafield>
  <datafield tag="980" ind1=" " ind2=" ">
    <subfield code="a">NB</subfield>
  </datafield>
  <datafield tag="995" ind1=" " ind2=" ">
    <subfield code="5">2022-11-09</subfield>
    <subfield code="a">ad</subfield>
    <subfield code="b">NLR01</subfield>
    <subfield code="c">NLR01</subfield>
    <subfield code="e">RF81</subfield>
    <subfield code="f">1-4042872</subfield>
    <subfield code="k">2022-3/30917</subfield>
    <subfield code="o">0</subfield>
    <subfield code="p">0.00</subfield>
    <subfield code="r">BOOK</subfield>
    <subfield code="s">2022330917_</subfield>
  </datafield>
</record>
